| 000 | 00878nam a22002297a 4500 | ||
|---|---|---|---|
| 999 |
_c3031 _d3031 |
||
| 003 | AR-CdUCM | ||
| 008 | 190305b ||||| |||| 00| 0 spa d | ||
| 040 |
_aMUNICIPALIDAD PROVINCIAL DEL CUSCO _cBIBLIOTECA MUNICIPAL DEL CUSCO |
||
| 082 |
_a331.892 / _bL15 |
||
| 100 |
_aLafon, Susana _910324 |
||
| 245 | _aMovilizaciones Populares: Procesos de Maduración Politica / | ||
| 260 |
_aPanama : _bImpretex, _c1984. |
||
| 300 |
_a165 paginas ; _bIlustraciones, tablas, _c20cm. |
||
| 505 | _aContenido- Movilizaciones populares -- Respuestas a las necesidades -- Psicologia colectiva y movilizacion -- Organizaciones movilizadoras -- Educación movilizadora... | ||
| 650 |
_aMovilizaciones _910325 |
||
| 650 |
_aOrganizaciones Colectivas _910326 |
||
| 650 |
_aPanama _910327 |
||
| 650 |
_aSiglo XX _98 |
||
| 700 |
_aSeguier, Michel _910328 |
||
| 942 |
_2ddc _cLIBROS |
||
| 945 | _apjha | ||